[Event "Skakligaen 2004-05"]
[Site "Denmark"]
[Date "2005.02.06"]
[Round "5.7"]
[White "Dalsberg, Sandra de Blecourt"]
[Black "Bekker Jensen, Simon"]
[Result "0-1"]
[WhiteElo "2066"]
[BlackElo "2405"]
[PlyCount "80"]
[EventDate "2004.11.06"]
[EventType "team"]
[EventRounds "7"]
[EventCountry "DEN"]
[SourceDate "2004.11.06"]
[WhiteTeam "Helsingor"]
[BlackTeam "Helsinge"]
[WhiteTeamCountry "DEN"]
[BlackTeamCountry "DEN"]

1. d4 Nf6 2. Bg5 Ne4 3. Bf4 c5 4. f3 Qa5+ 5. c3 Nf6 6. d5 Qb6 7. Bc1 g6 8. e4
d6 9. c4 Bg7 10. Nc3 O-O 11. Nge2 h5 12. Qc2 Nbd7 13. Bg5 Ne5 14. Ng3 e6 15.
Be2 exd5 16. cxd5 Nh7 17. Bd2 h4 18. Nf1 f5 19. f4 Nf7 20. Ne3 fxe4 21. Qxe4
Nh8 22. O-O-O Qd8 23. g4 b5 24. Bxb5 Rb8 25. Be2 Rb4 26. Nc4 Nf6 27. Qg2 Ba6
28. g5 Nh5 29. Bxh5 gxh5 30. Ne3 Rbxf4 31. Nc2 Rg4 32. Qh3 Ng6 33. Rhg1 Bc8 34.
Qd3 Ne5 35. Qb5 Bf5 36. Rxg4 hxg4 37. Qe2 Nd3+ 38. Kb1 Nb4 39. Ne4 Nxc2 40.
Kxc2 Re8 0-1

[Event "Skakligaen 2004-05"]
[Site "Denmark"]
[Date "2005.02.06"]
[Round "5.8"]
[White "Bekker Jensen, David"]
[Black "Jensen, Ib"]
[Result "1/2-1/2"]
[WhiteElo "2275"]
[BlackElo "1961"]
[PlyCount "142"]
[EventDate "2004.11.06"]
[EventType "team"]
[EventRounds "7"]
[EventCountry "DEN"]
[SourceDate "2004.11.06"]
[WhiteTeam "Helsinge"]
[BlackTeam "Helsingor"]
[WhiteTeamCountry "DEN"]
[BlackTeamCountry "DEN"]

1. d4 Nf6 2. c4 e6 3. Nc3 Bb4 4. e3 b6 5. Nge2 Bb7 6. a3 Be7 7. d5 e5 8. e4 d6
9. Ng3 Bc8 10. Be2 a5 11. O-O Bd7 12. f4 Na6 13. Kh1 Nc5 14. Be3 a4 15. fxe5
dxe5 16. Nf5 Bxf5 17. Rxf5 Ncxe4 18. Nxe4 Nxe4 19. Rxe5 Nd6 20. Bd3 O-O 21. Qc2
g6 22. Bh6 Bf6 23. Re3 Re8 24. Rae1 Qd7 25. Rf1 Rxe3 26. Bxe3 Bg7 27. c5 bxc5
28. Bxc5 Rb8 29. Bb4 Nb5 30. Bc4 Nd6 31. Bd3 Nb5 32. Bc4 Nd6 33. Ba2 Nf5 34.
Rc1 Be5 35. Re1 Nd4 36. Qf2 Bg7 37. Re7 Qf5 38. Qxf5 Nxf5 39. Rxc7 Bf8 40. d6
Nxd6 41. Rd7 Rb6 42. Rd8 Kg7 43. Bc3+ f6 44. Rd7+ Kh6 45. Bxf6 Ne4 46. Bd4 Bc5
47. Bg7+ Kg5 48. Rd5+ Kf4 49. Be5+ Ke3 50. h3 Nf2+ 51. Kh2 Nd3 52. Bc3 Bd6+ 53.
g3 Bc5 54. Kg2 Rd6 55. Rxd6 Bxd6 56. Bg8 h6 57. Bf7 g5 58. Be8 Nc5 59. Bg7 Kd3
60. Bxh6 Be5 61. Bf8 Ne4 62. g4 Bxb2 63. Bxa4 Kc4 64. Bc6 Nc5 65. a4 Ne6 66.
Bd6 Bc3 67. Bd7 Kd5 68. Bb8 Nc5 69. Bb5 Nb7 70. Bg3 Na5 71. h4 gxh4 1/2-1/2

[Event "Skakligaen 2004-05"]
[Site "Denmark"]
[Date "2005.02.06"]
[Round "5.1"]
[White "Borge, Nikolaj"]
[Black "El Kher, Henrik"]
[Result "1-0"]
[WhiteElo "2404"]
[BlackElo "2430"]
[PlyCount "73"]
[EventDate "2004.11.06"]
[EventType "team"]
[EventRounds "7"]
[EventCountry "DEN"]
[SourceDate "2004.11.06"]
[WhiteTeam "Foroyar"]
[BlackTeam "K41"]
[WhiteTeamCountry "DEN"]
[BlackTeamCountry "DEN"]

1. e4 c5 2. b3 b6 3. g3 Bb7 4. Bg2 Nf6 5. Nc3 g6 6. Nge2 Bg7 7. O-O Nc6 8. Bb2
O-O 9. Nd5 e6 10. Nxf6+ Bxf6 11. Bxf6 Qxf6 12. c3 Ba6 13. f4 e5 14. fxe5 Qxe5
15. Re1 Bxe2 16. Qxe2 Rae8 17. Rad1 Re6 18. b4 Rd6 19. bxc5 bxc5 20. Qe3 Kg7
21. Rb1 c4 22. Bf1 f5 23. Bxc4 fxe4 24. d4 Qa5 25. d5 Ne7 26. Qxe4 Qc5+ 27. Qe3
Qxe3+ 28. Rxe3 Nf5 29. Re4 Rb6 30. Bb3 h5 31. Rbe1 Rbf6 32. Rf1 R8f7 33. Ree1
h4 34. gxh4 Nxh4 35. Rxf6 Rxf6 36. Re7+ Rf7 37. d6 1-0

[Event "Skakligaen 2004-05"]
[Site "Denmark"]
[Date "2005.02.06"]
[Round "5.2"]
[White "Hansen, Jacob Ost"]
[Black "Nilssen, John Arni"]
[Result "0-1"]
[WhiteElo "2443"]
[BlackElo "2403"]
[PlyCount "106"]
[EventDate "2004.11.06"]
[EventType "team"]
[EventRounds "7"]
[EventCountry "DEN"]
[SourceDate "2004.11.06"]
[WhiteTeam "K41"]
[BlackTeam "Foroyar"]
[WhiteTeamCountry "DEN"]
[BlackTeamCountry "DEN"]

1. g3 g6 2. Bg2 Bg7 3. c4 c5 4. Nc3 Nc6 5. Nf3 Nf6 6. O-O O-O 7. a3 d5 8. cxd5
Nxd5 9. Nxd5 Qxd5 10. d3 Qd6 11. Rb1 Bd7 12. Nd2 e5 13. b4 cxb4 14. axb4 Nd4
15. Bxb7 Rab8 16. Nc4 Qe7 17. Bg2 Bg4 18. Re1 Rfc8 19. Bd2 Be6 20. e3 Nb5 21.
Qe2 Qd7 22. Rec1 Bg4 23. f3 Bf5 24. Bf1 Rd8 25. Rb3 Be6 26. Be1 a5 27. Nxa5
Bxb3 28. Nxb3 Qd5 29. Nc5 Ra8 30. Bg2 Ra2 31. Qf1 Rb8 32. f4 Qd6 33. Qf3 exf4
34. gxf4 Qe7 35. Bf2 Nc3 36. Bf1 Rxb4 37. d4 Rbb2 38. Nd3 Rc2 39. Rxc2 Rxc2 40.
Ne5 Rc1 41. Kg2 Nd1 42. Be2 Nxf2 43. Kxf2 Bf6 44. Nd3 Rc2 45. Qd5 Bg7 46. Qa8+
Bf8 47. Qf3 Qh4+ 48. Qg3 Qh5 49. Qf3 Qxh2+ 50. Kf1 Ra2 51. Nf2 Ra1+ 52. Bd1 Be7
53. f5 Bh4 0-1

[Event "Skakligaen 2004-05"]
[Site "Denmark"]
[Date "2005.02.06"]
[Round "5.3"]
[White "Naes, Flovin Tor"]
[Black "Lund, Silas"]
[Result "0-1"]
[WhiteElo "2303"]
[BlackElo "2296"]
[PlyCount "79"]
[EventDate "2004.11.06"]
[EventType "team"]
[EventRounds "7"]
[EventCountry "DEN"]
[SourceDate "2004.11.06"]
[WhiteTeam "Foroyar"]
[BlackTeam "K41"]
[WhiteTeamCountry "DEN"]
[BlackTeamCountry "DEN"]

1. d4 e6 2. c4 d5 3. Nf3 c6 4. g3 f5 5. Bg2 Nf6 6. O-O Bd6 7. Bf4 Bxf4 8. gxf4
O-O 9. Nbd2 Ne4 10. e3 Nd7 11. Qc2 Rf6 12. Ne5 Nxd2 13. Qxd2 Rh6 14. Nxd7 Bxd7
15. h3 Qe7 16. Kh2 Kh8 17. Rg1 Rg8 18. Bh1 Be8 19. cxd5 exd5 20. Rg5 Rh5 21.
Rag1 h6 22. Rxh5 Bxh5 23. Rg3 Qc7 24. Qc2 Qd7 25. Bg2 Be8 26. Bf1 Rf8 27. Bd3
Rf6 28. b4 a6 29. Qc5 g6 30. Rg1 Kg7 31. a4 Kf7 32. Rb1 Qe7 33. Qc2 Qd6 34. Kg2
Bd7 35. b5 axb5 36. axb5 g5 37. bxc6 bxc6 38. fxg5 hxg5 39. Rb7 Kg6 40. Qb1 0-1

[Event "Skakligaen 2004-05"]
[Site "Denmark"]
[Date "2005.02.06"]
[Round "5.4"]
[White "Schmidt, Kristen"]
[Black "Nolsoe, Eydun"]
[Result "1/2-1/2"]
[WhiteElo "2352"]
[BlackElo "2230"]
[PlyCount "90"]
[EventDate "2004.11.06"]
[EventType "team"]
[EventRounds "7"]
[EventCountry "DEN"]
[SourceDate "2004.11.06"]
[WhiteTeam "K41"]
[BlackTeam "Foroyar"]
[WhiteTeamCountry "DEN"]
[BlackTeamCountry "DEN"]

1. e4 c5 2. Nf3 d6 3. d4 cxd4 4. Qxd4 Nc6 5. Bb5 Bd7 6. Bxc6 Bxc6 7. Nc3 Nf6 8.
Bg5 e6 9. O-O-O Be7 10. e5 dxe5 11. Qxe5 Qb8 12. Qe2 O-O 13. Nd4 Qc7 14. Kb1 a6
15. h4 b5 16. Nxc6 Qxc6 17. Bxf6 Bxf6 18. Ne4 Be7 19. h5 h6 20. g4 Rfd8 21. f4
Rxd1+ 22. Rxd1 Rd8 23. Rxd8+ Bxd8 24. g5 hxg5 25. fxg5 Bxg5 26. Qg2 Qd5 27.
Qxg5 Qxe4 28. b3 f5 29. Qg6 Kf8 30. a4 b4 31. Kb2 Qe5+ 32. Ka2 f4 33. h6 gxh6
34. Qxh6+ Ke8 35. Qg6+ Kd7 36. Qf7+ Kc6 37. Qe8+ Kb6 38. Qd8+ Qc7 39. Qd4+ Ka5
40. Kb1 e5 41. Qd5+ Kb6 42. a5+ Ka7 43. Kc1 f3 44. Qxf3 Qxa5 45. Qf2+ Kb8
1/2-1/2

[Event "Skakligaen 2004-05"]
[Site "Denmark"]
[Date "2005.02.06"]
[Round "5.5"]
[White "Samuelsen, Carl Eli"]
[Black "Olesen, Martin"]
[Result "1-0"]
[WhiteElo "2195"]
[BlackElo "2285"]
[PlyCount "45"]
[EventDate "2004.11.06"]
[EventType "team"]
[EventRounds "7"]
[EventCountry "DEN"]
[SourceDate "2004.11.06"]
[WhiteTeam "Foroyar"]
[BlackTeam "K41"]
[WhiteTeamCountry "DEN"]
[BlackTeamCountry "DEN"]

1. e4 e5 2. Nf3 Nc6 3. Bb5 a6 4. Ba4 d6 5. O-O Bd7 6. Re1 Nge7 7. c3 Ng6 8. d4
Be7 9. Nbd2 O-O 10. Nf1 Nh4 11. d5 Nxf3+ 12. Qxf3 Nb8 13. Bxd7 Nxd7 14. Qh3 Nb6
15. Ng3 Bg5 16. Nf5 g6 17. Bxg5 Qxg5 18. Re3 Rae8 19. Rd1 Qf4 20. Rf3 Qxe4 21.
Qh6 Qxf5 22. Rxf5 gxf5 23. Rd3 1-0

[Event "Skakligaen 2004-05"]
[Site "Denmark"]
[Date "2005.02.06"]
[Round "5.6"]
[White "Greger, Roland Reinhard"]
[Black "Danielsen, Heini"]
[Result "1/2-1/2"]
[WhiteElo "2311"]
[BlackElo "2149"]
[PlyCount "101"]
[EventDate "2004.11.06"]
[EventType "team"]
[EventRounds "7"]
[EventCountry "DEN"]
[SourceDate "2004.11.06"]
[WhiteTeam "K41"]
[BlackTeam "Foroyar"]
[WhiteTeamCountry "DEN"]
[BlackTeamCountry "DEN"]

1. e4 c5 2. Nf3 Nc6 3. c3 d5 4. exd5 Qxd5 5. d4 Bg4 6. Be2 e6 7. h3 Bh5 8. c4
Qd7 9. d5 exd5 10. cxd5 Bxf3 11. Bxf3 Nd4 12. Nc3 Nf6 13. Be3 Nxf3+ 14. Qxf3
Bd6 15. O-O O-O 16. Rfd1 Rfe8 17. Rac1 b5 18. Bg5 Be5 19. d6 Bxc3 20. bxc3 Rac8
21. Bxf6 gxf6 22. Rd5 Re6 23. Rcd1 Rce8 24. Kh2 Kh8 25. Qf4 c4 26. Rh5 Rg8 27.
Qf5 Rg6 28. Qxb5 Qd8 29. Qd5 Qd7 30. Rd4 Kg7 31. a3 h6 32. g4 Rg5 33. Rxg5+
hxg5 34. Qf5 Qb7 35. Qxe6 fxe6 36. d7 Qc7+ 37. f4 Qd8 38. fxg5 fxg5 39. Kg3 Kf6
40. h4 gxh4+ 41. Kxh4 Ke5+ 42. Kg3 Kf6 43. Kf3 Kg5 44. Ke4 Kf6 45. Kf3 Ke7 46.
Ke2 a6 47. a4 a5 48. Rd1 e5 49. Rd5 Ke6 50. Rd1 Kf6 51. Rd5 1/2-1/2

[Event "Skakligaen 2004-05"]
[Site "Denmark"]
[Date "2005.02.06"]
[Round "5.7"]
[White "Hansen, Poul Martin"]
[Black "Hartung Nielsen, Jens"]
[Result "1/2-1/2"]
[WhiteElo "1848"]
[BlackElo "2184"]
[PlyCount "78"]
[EventDate "2004.11.06"]
[EventType "team"]
[EventRounds "7"]
[EventCountry "DEN"]
[SourceDate "2004.11.06"]
[WhiteTeam "Foroyar"]
[BlackTeam "K41"]
[WhiteTeamCountry "DEN"]
[BlackTeamCountry "DEN"]

1. d4 Nf6 2. Nf3 e6 3. c4 Bb4+ 4. Bd2 Qe7 5. Nc3 O-O 6. a3 Bxc3 7. Bxc3 Ne4 8.
Qc2 f5 9. e3 b6 10. Be2 Bb7 11. O-O d6 12. Ne1 Nd7 13. f3 Nxc3 14. Qxc3 e5 15.
d5 a5 16. b3 Qg5 17. Nc2 Ra7 18. Bd3 f4 19. e4 Rfa8 20. b4 axb4 21. axb4 Qd8
22. Rxa7 Rxa7 23. Ra1 Qa8 24. Rxa7 Qxa7 25. Qa3 Qxa3 26. Nxa3 Ba6 27. Kf2 Kf7
28. Ke2 Ke7 29. Kd2 Kd8 30. Bc2 g5 31. Bd3 h5 32. Be2 Nf6 33. h3 Bc8 34. Nb5 g4
35. hxg4 hxg4 36. Ke1 Bd7 37. Nc3 g3 38. Bf1 Kc8 39. Kd2 Kd8 1/2-1/2

[Event "Skakligaen 2004-05"]
[Site "Denmark"]
[Date "2005.02.06"]
[Round "5.8"]
[White "Fredericia, Louise Winther"]
[Black "Leyni, Ian"]
[Result "0-1"]
[WhiteElo "2072"]
[BlackElo "1838"]
[PlyCount "46"]
[EventDate "2004.11.06"]
[EventType "team"]
[EventRounds "7"]
[EventCountry "DEN"]
[SourceDate "2004.11.06"]
[WhiteTeam "K41"]
[BlackTeam "Foroyar"]
[WhiteTeamCountry "DEN"]
[BlackTeamCountry "DEN"]

1. e4 e6 2. d4 d5 3. e5 c5 4. c3 Nc6 5. Nf3 Qb6 6. a3 a5 7. Bd3 Bd7 8. Bc2 f5
9. exf6 Nxf6 10. O-O Bd6 11. Re1 O-O 12. Re2 Rae8 13. Bg5 Kh8 14. b3 e5 15.
Bxf6 Rxf6 16. dxc5 Bxc5 17. b4 Bxf2+ 18. Rxf2 e4 19. b5 exf3 20. bxc6 Re2 21.
Qd4 Qxd4 22. cxd4 Re1+ 23. Rf1 f2+ 0-1

[Event "Skakligaen 2004-05"]
[Site "Denmark"]
[Date "2005.02.06"]
[Round "5.1"]
[White "Matthiesen, Arne"]
[Black "Pedersen, Christian Kyndel"]
[Result "1-0"]
[WhiteElo "2334"]
[BlackElo "2381"]
[PlyCount "55"]
[EventDate "2004.11.06"]
[EventType "team"]
[EventRounds "7"]
[EventCountry "DEN"]
[SourceDate "2004.11.06"]
[WhiteTeam "SK68"]
[BlackTeam "Nordre"]
[WhiteTeamCountry "DEN"]
[BlackTeamCountry "DEN"]

1. e4 c5 2. Nf3 e6 3. d4 cxd4 4. Nxd4 Nf6 5. Nc3 Nc6 6. Ndb5 Bb4 7. a3 Bxc3+ 8.
Nxc3 d5 9. exd5 exd5 10. Bd3 d4 11. Ne4 Nxe4 12. Bxe4 O-O 13. O-O Qf6 14. Qh5
h6 15. Re1 Re8 16. Bd2 Ne5 17. h3 Bd7 18. Bxb7 Rab8 19. Bd5 Rxb2 20. Bb3 Nd3
21. Rxe8+ Bxe8 22. Qe2 Bb5 23. a4 Qa6 24. Qe7 Kh7 25. Qe4+ Kh8 26. Qxd4 f6 27.
Qd8+ Kh7 28. Bf7 1-0

[Event "Skakligaen 2004-05"]
[Site "Denmark"]
[Date "2005.02.06"]
[Round "5.2"]
[White "Christensen, Jan Schleicher"]
[Black "Holst, Allan"]
[Result "1/2-1/2"]
[WhiteElo "2249"]
[BlackElo "2362"]
[PlyCount "45"]
[EventDate "2004.11.06"]
[EventType "team"]
[EventRounds "7"]
[EventCountry "DEN"]
[SourceDate "2004.11.06"]
[WhiteTeam "Nordre"]
[BlackTeam "SK68"]
[WhiteTeamCountry "DEN"]
[BlackTeamCountry "DEN"]

1. d4 e6 2. Nf3 c5 3. e3 Nf6 4. Bd3 Nc6 5. O-O d5 6. b3 Be7 7. Bb2 O-O 8. a3 b6
9. Nbd2 Bb7 10. Ne5 Nxe5 11. dxe5 Ne4 12. Re1 f5 13. Nf1 Qc7 14. Qe2 Kh8 15. c4
Rad8 16. Rad1 Bc6 17. f3 Ng5 18. cxd5 Bxd5 19. Nd2 Bc6 20. Bc4 Bd5 21. Bd3 Bc6
22. Bc4 Bd5 23. Bd3 1/2-1/2

[Event "Skakligaen 2004-05"]
[Site "Denmark"]
[Date "2005.02.06"]
[Round "5.3"]
[White "Matthiesen, Martin"]
[Black "Petersen, Tom Petri"]
[Result "0-1"]
[WhiteElo "2280"]
[BlackElo "2228"]
[PlyCount "128"]
[EventDate "2004.11.06"]
[EventType "team"]
[EventRounds "7"]
[EventCountry "DEN"]
[SourceDate "2004.11.06"]
[WhiteTeam "SK68"]
[BlackTeam "Nordre"]
[WhiteTeamCountry "DEN"]
[BlackTeamCountry "DEN"]

1. d4 g6 2. c4 Bg7 3. Nf3 Nf6 4. g3 O-O 5. Bg2 d6 6. O-O c5 7. Nc3 Nc6 8. d5
Na5 9. Nd2 a6 10. Qc2 Rb8 11. b3 b5 12. Rb1 h5 13. h3 e5 14. e4 bxc4 15. bxc4
Rxb1 16. Qxb1 Bh6 17. Qd3 h4 18. Nf3 Bxc1 19. Rxc1 hxg3 20. fxg3 Bd7 21. Rb1
Qc7 22. Nd2 Kg7 23. Nd1 Rb8 24. Rxb8 Qxb8 25. Qc3 Qb6 26. a3 Nb7 27. Nb2 Qa5
28. Qxa5 Nxa5 29. Kf2 Nh5 30. h4 Nf6 31. Ke2 Kh6 32. Bf3 g5 33. hxg5+ Kxg5 34.
Nd1 Ba4 35. Ne3 Nb3 36. Nxb3 Bxb3 37. Kd3 Ne8 38. Nf5 Kf6 39. Kc3 Ba4 40. Ne3
Kg5 41. Kd3 Bd7 42. Kd2 Ng7 43. Ke2 f5 44. Kf2 f4 45. Nf1 Ne8 46. Nd2 Nf6 47.
Nf1 Ba4 48. Kg2 Bb3 49. Nd2 Bc2 50. Kh3 Bd3 51. Kg2 Ng4 52. Nb3 Ne3+ 53. Kf2
Nxc4 54. Nc1 Bc2 55. gxf4+ Kxf4 56. Ne2+ Kg5 57. Ng3 Nxa3 58. Be2 Kf4 59. Bxa6
Bxe4 60. Bb7 Bd3 61. Nh5+ Ke4 62. Nf6+ Kd4 63. Ne8 e4 64. Nxd6 e3+ 0-1

[Event "Skakligaen 2004-05"]
[Site "Denmark"]
[Date "2005.02.06"]
[Round "5.4"]
[White "Nielsen, Poul Erik"]
[Black "Hansen, Lars"]
[Result "0-1"]
[WhiteElo "2211"]
[BlackElo "2275"]
[PlyCount "106"]
[EventDate "2004.11.06"]
[EventType "team"]
[EventRounds "7"]
[EventCountry "DEN"]
[SourceDate "2004.11.06"]
[WhiteTeam "Nordre"]
[BlackTeam "SK68"]
[WhiteTeamCountry "DEN"]
[BlackTeamCountry "DEN"]

1. e4 g6 2. d4 Bg7 3. Nc3 c6 4. f4 d5 5. e5 h5 6. Be3 Nh6 7. Nf3 Bg4 8. h3 Bxf3
9. Qxf3 Qb6 10. O-O-O Nf5 11. Bf2 h4 12. Bd3 Nd7 13. Bxf5 gxf5 14. Qe3 e6 15.
Qe1 Bh6 16. Ne2 Qa6 17. Kb1 Bf8 18. Ng1 Nb6 19. Nf3 Qb5 20. Ka1 Na4 21. Rb1 Qc4
22. Qd1 Bb4 23. Be1 Bxe1 24. Rxe1 c5 25. c3 Rc8 26. Rc1 Qb5 27. b3 Nb6 28. dxc5
Qxc5 29. Kb2 Ke7 30. Qd4 Nd7 31. Qa4 b6 32. Rc2 Nf8 33. Ng5 -- 34. Qb4 Qxb4 35.
cxb4 Rxc2+ 36. Kxc2 Ng6 37. Rf1 Rg8 38. Nh7 Nf8 39. Ng5 Ng6 40. Nh7 Nf8 41. Ng5
Rg7 42. Kd3 Ng6 43. b5 Nxe5+ 44. fxe5 Rxg5 45. Rf4 f6 46. Rxh4 fxe5 47. Rh7+
Kd6 48. Rxa7 Rxg2 49. b4 e4+ 50. Kc3 Ke5 51. a4 d4+ 52. Kb3 e3 53. Rc7 d3 0-1

[Event "Skakligaen 2004-05"]
[Site "Denmark"]
[Date "2005.02.06"]
[Round "5.5"]
[White "Lindfeldt, Jan Magnus"]
[Black "Hoiberg, Nina"]
[Result "0-1"]
[WhiteElo "2290"]
[BlackElo "2180"]
[PlyCount "46"]
[EventDate "2004.11.06"]
[EventType "team"]
[EventRounds "7"]
[EventCountry "DEN"]
[SourceDate "2004.11.06"]
[WhiteTeam "SK68"]
[BlackTeam "Nordre"]
[WhiteTeamCountry "DEN"]
[BlackTeamCountry "DEN"]

1. e4 e5 2. Nf3 Nc6 3. Bb5 Nd4 4. Nxd4 exd4 5. O-O Bc5 6. Bc4 d6 7. d3 c6 8. c3
Qf6 9. cxd4 Bxd4 10. Nc3 Ne7 11. a4 O-O 12. Qb3 Ng6 13. Ne2 Bc5 14. Be3 Bg4 15.
Rae1 Nh4 16. Bxc5 Nxg2 17. Be3 Bxe2 18. Rxe2 Qf3 19. Bg5 Qxe2 20. d4 Qxe4 21.
Qg3 Ne1 22. Rxe1 Qxe1+ 23. Kg2 Qe4+ 0-1

[Event "Skakligaen 2004-05"]
[Site "Denmark"]
[Date "2005.02.06"]
[Round "5.6"]
[White "Pedersen, Karl"]
[Black "Bank, Pelle Rodkjaer"]
[Result "0-1"]
[WhiteElo "2239"]
[BlackElo "2269"]
[PlyCount "86"]
[EventDate "2004.11.06"]
[EventType "team"]
[EventRounds "7"]
[EventCountry "DEN"]
[SourceDate "2004.11.06"]
[WhiteTeam "Nordre"]
[BlackTeam "SK68"]
[WhiteTeamCountry "DEN"]
[BlackTeamCountry "DEN"]

1. e4 c6 2. d4 d5 3. e5 Qb6 4. Nc3 g6 5. Be2 Nh6 6. g4 f6 7. h4 fxe5 8. dxe5
Nf7 9. Be3 Qxb2 10. Bd4 Qb4 11. Rb1 Qa5 12. h5 Rg8 13. hxg6 hxg6 14. Qd2 Na6
15. Nh3 Nc7 16. Nf4 Bh6 17. Be3 d4 18. Bxd4 Ne6 19. Rxh6 Nxd4 20. Qxd4 Nxh6 21.
e6 g5 22. Kf1 gxf4 23. Rb5 Qc7 24. Re5 Qd6 25. Qe4 Nxg4 26. Bxg4 Rxg4 27. Qf5
Rg7 28. Qh5+ Kd8 29. Qh8+ Kc7 30. Qxg7 Bxe6 31. Re4 f3 32. Rd4 Bh3+ 33. Ke1
Qe6+ 34. Re4 Rg8 35. Qh7 Rg1+ 36. Kd2 Qd6+ 37. Ke3 Qc5+ 38. Kd2 Qd6+ 39. Ke3
Re1+ 40. Kxf3 Qf6+ 41. Kg3 Qxc3+ 42. f3 Rxe4 43. Qxe4 Bd7 0-1

[Event "Skakligaen 2004-05"]
[Site "Denmark"]
[Date "2005.02.06"]
[Round "5.7"]
[White "Sobjerg, Erik"]
[Black "Danstrup, Niels"]
[Result "1-0"]
[WhiteElo "2294"]
[BlackElo "2129"]
[PlyCount "79"]
[EventDate "2004.11.06"]
[EventType "team"]
[EventRounds "7"]
[EventCountry "DEN"]
[SourceDate "2004.11.06"]
[WhiteTeam "SK68"]
[BlackTeam "Nordre"]
[WhiteTeamCountry "DEN"]
[BlackTeamCountry "DEN"]

1. e4 d6 2. d4 Nf6 3. Nc3 g6 4. Be3 c6 5. h3 b5 6. e5 Nfd7 7. exd6 exd6 8. d5
c5 9. Bxb5 Bg7 10. Qd2 O-O 11. O-O-O Re8 12. Nf3 Qa5 13. Bh6 Ba6 14. Bxg7 Kxg7
15. Bxa6 Nxa6 16. Rhe1 Nf6 17. Ne4 Qxd2+ 18. Nfxd2 Nxe4 19. Nxe4 Rad8 20. c4
Nc7 21. Kd2 f5 22. Nc3 Kf7 23. b3 a6 24. Rxe8 Rxe8 25. Re1 Rb8 26. Ne2 Ke7 27.
g4 Kf6 28. Nf4 a5 29. Ne6 Ne8 30. Nf8 Kg7 31. Nd7 Rd8 32. Re7+ Kh6 33. f4 g5
34. gxf5 gxf4 35. f6 Rxd7 36. Rxd7 Nxf6 37. Rxd6 Kg5 38. Rxf6 Kxf6 39. Ke2 Kf5
40. Kf3 1-0

[Event "Skakligaen 2004-05"]
[Site "Denmark"]
[Date "2005.02.06"]
[Round "5.8"]
[White "Hansen, Per"]
[Black "Christensen, Thomas K"]
[Result "1-0"]
[WhiteElo "2158"]
[BlackElo "2269"]
[PlyCount "79"]
[EventDate "2004.11.06"]
[EventType "team"]
[EventRounds "7"]
[EventCountry "DEN"]
[SourceDate "2004.11.06"]
[WhiteTeam "Nordre"]
[BlackTeam "SK68"]
[WhiteTeamCountry "DEN"]
[BlackTeamCountry "DEN"]

1. d4 Nf6 2. c4 e6 3. Nc3 Bb4 4. e3 c5 5. Bd3 Nc6 6. a3 Bxc3+ 7. bxc3 d6 8. Ne2
e5 9. d5 Ne7 10. Ng3 Ng6 11. O-O O-O 12. Qc2 Re8 13. Bd2 Qe7 14. f3 Bd7 15. a4
Reb8 16. Rfb1 b6 17. a5 Qd8 18. axb6 Rxb6 19. Qa2 a5 20. Rxb6 Qxb6 21. Rb1 Qa6
22. Bc1 a4 23. Ba3 Ne7 24. e4 Qa5 25. Ne2 Nc8 26. Kf2 Nb6 27. Qb2 Rb8 28. h3
Qa7 29. f4 exf4 30. e5 Nh5 31. exd6 Qa5 32. Nd4 cxd4 33. c5 dxc3 34. Qb4 Qa8
35. cxb6 Qxd5 36. Qe4 Nf6 37. Qc4 c2 38. Qxc2 Bc6 39. Kg1 f3 40. Bf1 1-0

[Event "Skakligaen 2004-05"]
[Site "Denmark"]
[Date "2005.02.06"]
[Round "5.1"]
[White "Hillarp Persson, Tiger"]
[Black "Palo, Davor"]
[Result "1/2-1/2"]
[WhiteElo "2511"]
[BlackElo "2537"]
[PlyCount "126"]
[EventDate "2004.11.06"]
[EventType "team"]
[EventRounds "7"]
[EventCountry "DEN"]
[SourceDate "2004.11.06"]
[WhiteTeam "Bronshoj"]
[BlackTeam "Skolerne"]
[WhiteTeamCountry "DEN"]
[BlackTeamCountry "DEN"]

1. d4 Nf6 2. c4 e6 3. Nc3 Bb4 4. e3 O-O 5. Bd3 d5 6. cxd5 exd5 7. a3 Bd6 8. Nf3
Re8 9. h3 c6 10. Qc2 Nbd7 11. b3 Nf8 12. Bb2 Qe7 13. g4 Ng6 14. Bxg6 hxg6 15.
Kf1 Ne4 16. Nxe4 dxe4 17. Nd2 Be6 18. Qxe4 Bd5 19. Qxe7 Rxe7 20. Rg1 Bh2 21.
Ke2 Bxg1 22. Rxg1 Rae8 23. Kd3 g5 24. Re1 Be4+ 25. Nxe4 Rxe4 26. Rc1 R4e6 27.
Rc5 f6 28. a4 Kf7 29. Rf5 Rh8 30. Rf3 Rh6 31. Ke2 Re8 32. Kf1 Ke6 33. e4 Kd7
34. Re3 a5 35. Bc3 b6 36. Kg2 Rhh8 37. Kg3 Re6 38. Re1 Rc8 39. f3 Re7 40. Rd1
Ke8 41. h4 gxh4+ 42. Kxh4 c5 43. d5 c4 44. Rb1 cxb3 45. Rxb3 b5 46. axb5 a4 47.
Ra3 Rb7 48. g5 Rxb5 49. gxf6 gxf6 50. Bxf6 Kf7 51. Ba1 Rc4 52. Kg4 Rb3 53. Ra2
Rd3 54. Rh2 Rxd5 55. Rh7+ Ke6 56. Ra7 Rb5 57. Bg7 Kd6 58. Bh6 Kc6 59. Be3 Rb3
60. Bf4 a3 61. Rc7+ Kb5 62. Rb7+ Ka4 63. Ra7+ Kb4 1/2-1/2

[Event "Skakligaen 2004-05"]
[Site "Denmark"]
[Date "2005.02.06"]
[Round "5.2"]
[White "Rasmussen, Karsten"]
[Black "Hoi, Carsten"]
[Result "0-1"]
[WhiteElo "2458"]
[BlackElo "2375"]
[PlyCount "76"]
[EventDate "2004.11.06"]
[EventType "team"]
[EventRounds "7"]
[EventCountry "DEN"]
[SourceDate "2004.11.06"]
[WhiteTeam "Skolerne"]
[BlackTeam "Bronshoj"]
[WhiteTeamCountry "DEN"]
[BlackTeamCountry "DEN"]

1. c4 g6 2. Nc3 Bg7 3. d4 d6 4. g3 Nc6 5. d5 Ne5 6. f4 Nd7 7. Bg2 Ngf6 8. Nf3
O-O 9. O-O c6 10. Be3 Nb6 11. Qb3 Bd7 12. Kh1 e6 13. dxc6 Bxc6 14. Nb5 d5 15.
Nxa7 Nxc4 16. Bd4 Ne4 17. Bxg7 Kxg7 18. Nxc6 bxc6 19. Qd3 Qb6 20. Qd4+ Qxd4 21.
Nxd4 c5 22. Nb3 Ncd6 23. Rfc1 Rfc8 24. Bxe4 Nxe4 25. Rc2 h6 26. Nd2 Nxd2 27.
Rxd2 Ra4 28. Kg2 g5 29. Kf3 Rca8 30. a3 Rb8 31. Rc1 Rb3+ 32. e3 c4 33. fxg5
hxg5 34. h4 Kg6 35. Rh1 Ra8 36. hxg5 Kxg5 37. Rd4 f5 38. g4 Rf8 0-1

[Event "Skakligaen 2004-05"]
[Site "Denmark"]
[Date "2005.02.06"]
[Round "5.3"]
[White "Pilgaard, Kim"]
[Black "Sorensen, Jan"]
[Result "1/2-1/2"]
[WhiteElo "2400"]
[BlackElo "2412"]
[PlyCount "62"]
[EventDate "2004.11.06"]
[EventType "team"]
[EventRounds "7"]
[EventCountry "DEN"]
[SourceDate "2004.11.06"]
[WhiteTeam "Bronshoj"]
[BlackTeam "Skolerne"]
[WhiteTeamCountry "DEN"]
[BlackTeamCountry "DEN"]

1. e4 e6 2. d4 d5 3. Nc3 Bb4 4. exd5 exd5 5. Bd3 Nf6 6. Nge2 O-O 7. O-O Bg4 8.
Bg5 c6 9. f3 Bh5 10. Ng3 Bg6 11. Nce2 Nbd7 12. c3 Bd6 13. Nf5 Bxf5 14. Bxf5 Qc7
15. g3 Rfe8 16. Qd2 h6 17. Bf4 Re7 18. Rae1 Rae8 19. Bxd6 Qxd6 20. Kf2 Nb6 21.
b3 g6 22. Bh3 Kg7 23. Nc1 Nh7 24. Nd3 Ng5 25. Bg2 Nd7 26. Rxe7 Rxe7 27. h4 Nh7
28. Bh3 Nhf6 29. Qf4 Qa3 30. Qd2 Qd6 31. Qf4 Qa3 1/2-1/2

[Event "Skakligaen 2004-05"]
[Site "Denmark"]
[Date "2005.02.06"]
[Round "5.4"]
[White "Pedersen, Finn"]
[Black "Bromann, Thorbjorn"]
[Result "1/2-1/2"]
[WhiteElo "2375"]
[BlackElo "2339"]
[PlyCount "38"]
[EventDate "2004.11.06"]
[EventType "team"]
[EventRounds "7"]
[EventCountry "DEN"]
[SourceDate "2004.11.06"]
[WhiteTeam "Skolerne"]
[BlackTeam "Bronshoj"]
[WhiteTeamCountry "DEN"]
[BlackTeamCountry "DEN"]

1. Nf3 d5 2. d4 Nc6 3. e3 Bg4 4. Be2 Nf6 5. O-O Bxf3 6. Bxf3 e5 7. dxe5 Nxe5 8.
b3 c6 9. Bb2 Bd6 10. Nd2 Qc7 11. Qe2 O-O-O 12. Rac1 h5 13. Rfd1 Neg4 14. g3 Be5
15. Bxe5 Nxe5 16. c4 d4 17. exd4 Rxd4 18. Nf1 Nxf3+ 19. Qxf3 Rhd8 1/2-1/2